LEADER 00918nam0-22003011i-450- 001 990006097620403321 005 20110831164905.0 035 $a000609762 035 $aFED01000609762 035 $a(Aleph)000609762FED01 035 $a000609762 100 $a20000112d1958----km-y0itay50------ba 101 0 $afre 102 $aBE 105 $ay-------001yy 200 1 $a<>Evangile d'Ephrem d'apres les oeuvres editees$erecueil des textes$fpar L. Leloir 210 $aLouvain$cSecretariat du CorpusSco$d1958 215 $aVIII, 157 p.$d25 cm 225 1 $aCorpus scriptorum Christianorum Orientalium$iSubsidia$v12 676 $a892$v21$zita 700 1$aLeloir,$bLouis$0232054 801 0$aIT$bUNINA$gRICA$2UNIMARC 901 $aBK 912 $a990006097620403321 952 $aIV Z OR 3 (12)$b14693$fFGBC 959 $aFGBC 996 $aEvangile d'Ephrem d'apres les oeuvres editees$9575031 997 $aUNINA LEADER 02562nam 2200589 450 001 996466534003316 005 20220303091344.0 010 $a3-540-48049-8 024 7 $a10.1007/BFb0082228 035 $a(CKB)1000000000437513 035 $a(SSID)ssj0000321851 035 $a(PQKBManifestationID)12064705 035 $a(PQKBTitleCode)TC0000321851 035 $a(PQKBWorkID)10280092 035 $a(PQKB)11219434 035 $a(DE-He213)978-3-540-48049-5 035 $a(MiAaPQ)EBC5586143 035 $a(Au-PeEL)EBL5586143 035 $a(OCoLC)1066193849 035 $a(MiAaPQ)EBC6842776 035 $a(Au-PeEL)EBL6842776 035 $a(OCoLC)1293241214 035 $a(PPN)155220799 035 $a(EXLCZ)991000000000437513 100 $a20220303d1987 uy 0 101 0 $aeng 135 $aurnn|008mamaa 181 $ctxt 182 $cc 183 $acr 200 00$aClassification theory $eproceedings of the US-Israel workshop on model theory in mathematical logic held in Chicago, december 15-19, 1985 /$fJ. T. Baldwin (editor) 205 $a1st ed. 1987. 210 1$aBerlin :$cSpringer-Verlag,$d[1987] 210 4$dİ1987 215 $a1 online resource (VIII, 508 p.) 225 1 $aLecture notes in mathematics ;$v1292 300 $aBibliographic Level Mode of Issuance: Monograph 311 $a3-540-18674-3 327 $aClassification theory: 1985 -- Concrete representations of lattices and the fundamental order -- The classification of small weakly minimal sets I -- Orthogonality of types in separably closed fields -- Countable or ?1-like models of Presburger's arithmetic -- An exposition of OTOP -- Exercises on Local Weight -- Locally modular regular types -- Choosing elements in a saturated model -- Degrees of models with prescribed Scott set -- Shrinking, stretching, and codes for homogeneous structures -- Freedom via forcing: Uniform construction of relatively free or generic structures -- Simple superstable theories -- Universal classes -- Classification of non elementary classes II abstract elementary classes -- On almost categorical theories. 410 0$aLecture notes in mathematics (Springer-Verlag) ;$v1292. 606 $aModel theory 615 0$aModel theory. 676 $a511.34 702 $aBaldwin$b John T. 712 12$aU.S.-Israel Workshop on Model Theory in Mathematical Logic 801 0$bMiAaPQ 801 1$bMiAaPQ 801 2$bMiAaPQ 906 $aBOOK 912 $a996466534003316 996 $aClassification theory$9262413 997 $aUNISA